| 000 | 00508nam a22001697a 4500 | ||
|---|---|---|---|
| 003 | OSt | ||
| 005 | 20230301133115.0 | ||
| 008 | 190522b xxu||||| |||| 00| 0 eng d | ||
| 040 | _clado v | ||
| 082 |
_aC861.44 _bH383p |
||
| 100 |
_aChavajay, Manuel _9772 _eautor |
||
| 245 |
_aSeminario de investigación/ _bPoema, Tz'Aneem/ |
||
| 260 |
_aGuatemala _bYaxs _c2017 |
||
| 300 |
_a4p. _btrae dos afiches _c13x20cm |
||
| 700 |
_aDe Leon, Jorge _eautor |
||
| 942 |
_2ddc _c1 _hC861.44 _iC512p _n0 |
||
| 999 |
_c3107 _d3107 |
||